| 000 | 00617nam0a22002171 4500 | ||
|---|---|---|---|
| 001 | rc\973842 | ||
| 005 | 20250622063051.0 | ||
| 035 | _a(NLR Aleph) 006142666 | ||
| 090 |
_a5678542 _c5678542 |
||
| 100 | _a20041129d1982 |||y0rusy50 ca | ||
| 101 | 0 | _arus | |
| 102 | _aRU | ||
| 105 | _aa ||||||||| | ||
| 200 | 1 |
_aКолобок _e[Рус. нар. сказка _eКн.-раскраска _fХудож. К.В. Овчинников] |
|
| 210 |
_aЛ. _cЛениздат _d1982 |
||
| 215 |
_a[16] с. _cил. _d28 |
||
| 801 | 0 |
_aRU _bNLR _gpsbo |
|
| 801 | 1 |
_aRU _bELAR _2rusmarc |
|
| 852 |
_aNLR _j83-8/448 |
||
| 942 | _cBOOK | ||
| 980 | _aNB | ||